| 000 | 00472nam a2200121Ia 4500 | ||
|---|---|---|---|
| 008 | 220615s9999||||xx |||||||||||||| ||und|| | ||
| 100 | _aTakashiro Akitsu | ||
| 245 | 0 | _aSymmetry (Group Theory) and Mathematical Treatment in Chemistry | |
| 546 | _aEnglish[eng] | ||
| 650 | _aPhysical Sciences||Engineering and Technology||Chemistry||Inorganic Chemistry | ||
| 856 | _uhttps://www.intechopen.com/books/symmetry-group-theory-and-mathematical-treatment-in-chemistry | ||
| 942 | _cEB | ||
| 999 |
_c9223 _d9223 |
||